| 000 | 00621nam a2200217Ia 4500 | ||
|---|---|---|---|
| 005 | 20250508164546.0 | ||
| 008 | 008 250505s9999 xx 000 0 eng d | ||
| 037 | _aTextual | ||
| 040 |
_aFEDL _beng _cFEDL |
||
| 041 |
_aeng _2eng |
||
| 084 |
_a370.954, MAY _qFEDL |
||
| 100 |
_aMayhew Arther _9778447 |
||
| 245 | 0 | _aDevelopment of education system in India | |
| 260 |
_aNew Delhi, India _bAtlantic Publishers and Distributors _c1994 |
||
| 300 | _aix,358p. | ||
| 365 |
_aINR _b550 |
||
| 546 | _aMACESE | ||
| 700 |
_a James H R _9778448 |
||
| 942 |
_cTEXL _h370.954, MAY |
||
| 999 |
_c1389785 _d1389785 |
||